| 000 | 00711nam a2200229 u 4500 | ||
|---|---|---|---|
| 005 | 20241129063739.0 | ||
| 008 | 170815s2004 mx r 000 0 spa d | ||
| 020 | _a9707414278 | ||
| 035 | _aUPN01000219687 | ||
| 049 | _aI | ||
| 050 | 4 |
_aPZ76.3 _bP4.2 |
|
| 100 | 1 |
_aPeralta G., Benito _940927 |
|
| 245 | 1 | 1 |
_a¿Hay alguien en casa? / _crelator y versión libre en Pai Pai de Benito Peralta G. |
| 260 |
_aMéxico : _bSEP, _c2004. |
||
| 300 |
_a[22] p. : _bprincipalmente il. col. |
||
| 440 | 0 |
_aLibros del rincón. _pAl sol solito |
|
| 500 | _aTexto bilingüe | ||
| 650 | 4 |
_aCuentos infantiles mexicanos _97723 |
|
| 650 | 4 |
_aConejos _vCuentos y leyendas _922085 |
|
| 905 | _aInfantil | ||
| 999 |
_c191786 _d191786 |
||